[Event "Ä15Ï"]
[Site "Loo"]
[Date "2017.04.22"]
[Round "3.10"]
[White "Ëàðèíà, Òàòüÿíà."]
[Black "Ïè÷íåíêî, Íèíà."]
[Result "0-1"]
[WhiteElo "1738"]
[BlackElo "1507"]
[PlyCount "76"]
[EventDate "2017.04.20"]

1. e4 c5 2. Nc3 d6 3. Bb5+ Nc6 4. Bxc6+ bxc6 5. d3 g6 6. f4 Bg7 7. Nf3 d5 8.
O-O Nh6 9. Qe1 f6 10. Qg3 Nf7 11. f5 g5 12. h4 h6 13. Ne2 O-O 14. Qf2 Qd6 15.
b3 e6 16. Ba3 Re8 17. Bxc5 Qc7 18. Nfd4 e5 19. Nf3 Nd6 20. Ng3 Ba6 21. Rfd1 Nb7
22. Ba3 Qa5 23. Bb2 Bf8 24. Nh5 Kf7 25. hxg5 hxg5 26. exd5 cxd5 27. d4 e4 28.
Nh2 Bd6 29. Ng4 Rh8 30. Ng3 Qc7 31. Nf1 Rh4 32. Ne5+ fxe5 33. Ne3 Rah8 34. Qd2
exd4 35. Nf1 Rh1+ 36. Kf2 e3+ 37. Nxe3 Bg3+ 38. Kf3 Qf4# 0-1

[Event "Ä15Ï"]
[Site "Loo"]
[Date "2017.04.22"]
[Round "3.11"]
[White "Ãèáàäóëëèíà, Ðàÿíà."]
[Black "Êîìáàð, Ìàðèÿ."]
[Result "0-1"]
[WhiteElo "1706"]
[BlackElo "1528"]
[PlyCount "112"]
[EventDate "2017.04.20"]

1. e4 c5 2. Nc3 Nc6 3. g3 e6 4. Bg2 Nf6 5. d3 Be7 6. f4 d5 7. e5 Nd7 8. Nf3 O-O
9. O-O a6 10. a4 Qc7 11. Qe2 b6 12. g4 Bb7 13. g5 Rac8 14. h4 Nd4 15. Qf2 g6
16. h5 Rfe8 17. hxg6 hxg6 18. Nd1 Nf5 19. Nh4 Nb8 20. Nxf5 exf5 21. Qh4 d4 22.
Bxb7 Qxb7 23. Rf2 Bf8 24. Bd2 Bg7 25. c3 Qd7 26. Rh2 Kf8 27. Nf2 Ke7 28. Qh7
Rg8 29. cxd4 Qxd4 30. Rb1 Qxa4 31. b4 Qc2 32. Rd1 Nc6 33. bxc5 bxc5 34. Be3 Nd4
35. Kg2 a5 36. Rd2 Qb3 37. Bxd4 cxd4 38. Rh1 Qc3 39. Ra2 Kf8 40. Qh3 Rh8 41.
Qf3 Rxh1 42. Nxh1 Qc5 43. Nf2 Ke8 44. Qb7 Rd8 45. Qa6 Qd5+ 46. Kh2 Qxa2 47.
Qc6+ Kf8 48. Qc5+ Kg8 49. Kg3 a4 50. Qe7 Rb8 51. Qd6 Qb2 52. e6 fxe6 53. Qxe6+
Kh7 54. Qe1 Qb5 55. Qh1+ Kg8 56. Qa1 Qb3 0-1

[Event "Ä15Ï"]
[Site "Loo"]
[Date "2017.04.22"]
[Round "3.12"]
[White "Ëàçóðåíêî, Êñåíèÿ."]
[Black "Ìîèñååâà, Îëåñÿ."]
[Result "0-1"]
[WhiteElo "1343"]
[BlackElo "1695"]
[PlyCount "70"]
[EventDate "2017.04.20"]

1. c4 e5 2. g3 Nf6 3. Bg2 Nc6 4. Nc3 Bc5 5. d3 h6 6. Nf3 d6 7. O-O Be6 8. a3 a6
9. b4 Ba7 10. Rb1 Rb8 11. Qa4 Bd7 12. b5 Nd4 13. Nd2 Bc5 14. e3 Nf5 15. Nde4
Nxe4 16. Nxe4 axb5 17. cxb5 Ra8 18. Qb3 Be6 19. Qc3 Bb6 20. Bb2 Ba5 21. Qc2 O-O
22. Bc3 Ne7 23. Bxa5 Rxa5 24. b6 c5 25. Qc3 Ra6 26. Nxc5 dxc5 27. Qxc5 Bd5 28.
Qc7 Bxg2 29. Kxg2 Qxc7 30. bxc7 Ra7 31. d4 exd4 32. Rfd1 Rc8 33. exd4 Rxc7 34.
d5 Rd7 35. Rb3 Nxd5 0-1

[Event "Ä15Ï"]
[Site "Loo"]
[Date "2017.04.22"]
[Round "3.13"]
[White "Øóáèíà, Åêàòåðèíà."]
[Black "Ëûñåíêî, Îëåñÿ."]
[Result "1-0"]
[WhiteElo "1692"]
[BlackElo "1500"]
[PlyCount "65"]
[EventDate "2017.04.20"]

1. e4 e5 2. Nf3 Nc6 3. Bc4 Bc5 4. d3 Nf6 5. c3 d6 6. Bb3 Bb6 7. Nbd2 Be6 8. Bc2
Ng4 9. O-O h5 10. Ba4 Bd7 11. Nc4 Qe7 12. Ne3 Bxe3 13. Bxe3 O-O-O 14. b4 Nxe3
15. fxe3 g5 16. Bxc6 Bxc6 17. a4 g4 18. Nd2 Rdg8 19. b5 Bd7 20. c4 g3 21. h3
Qg5 22. Qe2 f5 23. a5 f4 24. exf4 exf4 25. Nf3 Qe7 26. b6 cxb6 27. a6 bxa6 28.
Rxa6 Kb8 29. Rfa1 Bc8 30. Nd4 Qh4 31. Rxa7 Bxh3 32. Ra8+ Kc7 33. R1a7# 1-0

[Event "Ä15Ï"]
[Site "Loo"]
[Date "2017.04.22"]
[Round "3.14"]
[White "Ôàéðóçîâà, Çóëüôèÿ."]
[Black "Êèñåëåâà, Åëèçàâåòà."]
[Result "1-0"]
[WhiteElo "1677"]
[BlackElo "1499"]
[PlyCount "95"]
[EventDate "2017.04.20"]

1. d4 d5 2. c4 e6 3. Nf3 Nf6 4. Bg5 Be7 5. Nc3 O-O 6. e3 h6 7. Bxf6 Bxf6 8. Be2
b6 9. O-O Bb7 10. Rc1 Nd7 11. cxd5 exd5 12. b4 Be7 13. Qb3 Nf6 14. Ne5 Bd6 15.
f4 Qe7 16. b5 Rfc8 17. Bf3 Bb4 18. Rc2 Bxc3 19. Rxc3 a6 20. a4 axb5 21. axb5
Ne4 22. Bxe4 dxe4 23. f5 Rd8 24. Qc2 Qg5 25. Qf2 Rd6 26. Rxc7 Bd5 27. h4 Qd8
28. Rfc1 Ra1 29. R7c3 Rxc1+ 30. Rxc1 Qe8 31. Qe2 Rf6 32. Rf1 Qc8 33. Qf2 Qe8
34. Ng4 Rd6 35. Qf4 Qd8 36. f6 h5 37. Qg5 g6 38. Ne5 Kh7 39. g4 hxg4 40. h5 Qe8
41. hxg6+ fxg6 42. f7 Qf8 43. Rf6 Rxf6 44. Qxf6 Qh6 45. f8=Q Qxe3+ 46. Qf2 Qc1+
47. Kh2 e3 48. Qh4# 1-0

[Event "Ä15Ï"]
[Site "Loo"]
[Date "2017.04.22"]
[Round "3.15"]
[White "Ìàêàðîâà, Àíàñòàñèÿ."]
[Black "Êðåíäÿñåâà, Âàëåðèÿ."]
[Result "1-0"]
[WhiteElo "1562"]
[BlackElo "1670"]
[PlyCount "69"]
[EventDate "2017.04.20"]

1. d4 d5 2. e3 Nf6 3. f4 e6 4. Bd3 c5 5. c3 Be7 6. Nf3 O-O 7. O-O Nbd7 8. Nbd2
h6 9. Ne5 Nxe5 10. fxe5 Nh7 11. Qc2 f5 12. exf6 Nxf6 13. Nf3 c4 14. Bg6 Bd6 15.
Bd2 b6 16. e4 dxe4 17. Bxe4 Nxe4 18. Qxe4 Rb8 19. d5 Bc5+ 20. Nd4 Bxd4+ 21.
Qxd4 Rxf1+ 22. Rxf1 exd5 23. Qf4 Bb7 24. Qf7+ Kh8 25. Bxh6 gxh6 26. Rf6 Qxf6
27. Qxf6+ Kh7 28. Qf5+ Kg8 29. Qg6+ Kh8 30. Qxh6+ Kg8 31. Qg6+ Kh8 32. Qf6+ Kg8
33. Qe6+ Kh7 34. Qf7+ Kh8 35. Qc7 1-0

[Event "Ä15Ï"]
[Site "Loo"]
[Date "2017.04.22"]
[Round "3.16"]
[White "Øóìàêîâà, Ñâåòëàíà."]
[Black "Òèíèíà, Êðèñòèíà."]
[Result "1-0"]
[WhiteElo "1494"]
[BlackElo "1611"]
[PlyCount "109"]
[EventDate "2017.04.20"]

1. d4 Nf6 2. Bf4 g6 3. Nf3 Bg7 4. h3 O-O 5. e3 d6 6. Be2 c5 7. c3 cxd4 8. exd4
Bf5 9. O-O Nd5 10. Bg3 Qb6 11. Qb3 Qxb3 12. axb3 Nd7 13. Nbd2 N7b6 14. Rfe1
Rfc8 15. Bh4 Rc7 16. Nc4 Nxc4 17. Bxc4 Nf6 18. Bg3 a6 19. Bf4 Rd7 20. Nd2 b5
21. Bxb5 Rda7 22. Bc6 Rc8 23. Bf3 Rcc7 24. Be2 Nd5 25. Be3 Nxe3 26. fxe3 Bc8
27. Ra5 Bh6 28. Nf1 Rc6 29. Rea1 Bg7 30. b4 e5 31. b5 Rb6 32. R1a2 Be6 33. Rxa6
Bxa2 34. Rxa7 Bd5 35. Ra6 Rxa6 36. bxa6 e4 37. b4 Ba8 38. b5 d5 39. b6 Bf8 40.
b7 Bxb7 41. axb7 Bd6 42. c4 dxc4 43. Bxc4 Kf8 44. Bd5 f5 45. g4 Ke7 46. g5 Kf8
47. h4 Kg7 48. Kg2 h6 49. Nd2 Bb8 50. Nc4 Bc7 51. Ne5 hxg5 52. hxg5 Bd6 53. Nd7
f4 54. exf4 Bxf4 55. Bxe4 1-0

[Event "Ä15Ï"]
[Site "Loo"]
[Date "2017.04.22"]
[Round "3.17"]
[White "Ãàðáóçîâñêàÿ, Åëèçàâåòà."]
[Black "Ëîñü, ßíà."]
[Result "0-1"]
[WhiteElo "1445"]
[BlackElo "1609"]
[PlyCount "92"]
[EventDate "2017.04.20"]

1. d4 Nf6 2. c4 c5 3. d5 e6 4. Nc3 exd5 5. cxd5 d6 6. e4 g6 7. f4 Bg7 8. Bb5+
Nfd7 9. a4 a6 10. Bc4 Qh4+ 11. g3 Qe7 12. Qe2 O-O 13. Nf3 Re8 14. Bd3 Nf8 15.
O-O Bg4 16. Bd2 Qc7 17. Qg2 Qc8 18. f5 Nbd7 19. Ne1 gxf5 20. exf5 c4 21. Be2
Bxe2 22. Nxe2 Bxb2 23. Rb1 Bg7 24. Rf4 Qc5+ 25. Kh1 b5 26. Bb4 Qe3 27. Ng1 Qe7
28. Qf3 Qe5 29. Rg4 Kh8 30. Nh3 Qe2 31. Qf4 Qe3 32. Qf1 Nf6 33. Ng2 Qe2 34. Rf4
Qxf1+ 35. Rfxf1 Nxd5 36. Bxd6 Nc3 37. f6 Bxf6 38. Rxf6 Nxb1 39. Ng5 Kg8 40.
Rxf7 c3 41. Bf4 bxa4 42. Rc7 Rac8 43. h4 Rxc7 44. Bxc7 a3 45. Bf4 a2 46. Bc1
a1=Q 0-1

[Event "Ä15Ï"]
[Site "Loo"]
[Date "2017.04.22"]
[Round "3.18"]
[White "Êîçûðåâà, Ìàðèíà."]
[Black "Åìåëüÿíåíêî, Ìàðèíà."]
[Result "1-0"]
[WhiteElo "1598"]
[BlackElo "1480"]
[PlyCount "167"]
[EventDate "2017.04.20"]

1. d4 d5 2. c4 e6 3. Nf3 Nf6 4. g3 c6 5. Nbd2 Nbd7 6. Bg2 Bd6 7. O-O O-O 8. Qc2
Re8 9. e4 dxe4 10. Nxe4 Nxe4 11. Qxe4 e5 12. Ng5 Nf6 13. Qd3 exd4 14. Qxd4 Bf5
15. Bf4 Bxf4 16. Qxf4 Qa5 17. b4 Qe5 18. Qxe5 Rxe5 19. Nf3 Ree8 20. Rad1 Bg4
21. h3 Bh5 22. g4 Bg6 23. Nd4 h5 24. g5 Ne4 25. f4 Nc3 26. Rd2 Be4 27. Bf3 g6
28. Rc1 Bxf3 29. Rxc3 Be4 30. Kf2 Rad8 31. Re3 Kg7 32. Nb3 Bf5 33. Rxd8 Rxd8
34. Ke2 h4 35. Na5 Rd7 36. a3 Be6 37. c5 Kf8 38. Nb3 Ke7 39. Ke1 f6 40. Ke2 Kf7
41. Ke1 fxg5 42. fxg5 Rd5 43. Rf3+ Ke7 44. Re3 Kd7 45. Na5 b6 46. cxb6 axb6 47.
Nc4 Rxg5 48. Nxb6+ Kd6 49. a4 Rg3 50. Rxg3 hxg3 51. a5 Kc7 52. h4 Kb7 53. Na4
Bc4 54. Nc5+ Ka7 55. Nd7 Bd3 56. Ne5 Be4 57. Nd7 Bf5 58. Ne5 Be4 59. Nd7 Ka8
60. Ne5 Kb8 61. Nd7+ Kc7 62. Nc5 Bd5 63. Kf1 g2+ 64. Kf2 Kb8 65. Nd3 Be4 66.
Nf4 Ka7 67. Nxg2 Ka6 68. Nf4 Kb5 69. Ke3 Bf5 70. Nd3 Bc8 71. Kd4 Bf5 72. Nc5
Bc8 73. Kc3 Bf5 74. a6 Kb6 75. Kd4 Bc8 76. Ke5 Ka7 77. Kd6 Kb6 78. a7 Kxa7 79.
Kxc6 Bg4 80. b5 Bf3+ 81. Kc7 Ka8 82. b6 Bb7 83. Nxb7 g5 84. h5 1-0

[Event "Ä15Ï"]
[Site "Loo"]
[Date "2017.04.22"]
[Round "3.19"]
[White "Åãîðîâà, Àíàñòàñèÿ."]
[Black "Òëåöåðè, Äæóëüåòòà."]
[Result "0-1"]
[WhiteElo "1308"]
[BlackElo "1575"]
[PlyCount "116"]
[EventDate "2017.04.20"]

1. d4 Nf6 2. c4 g6 3. Nc3 Bg7 4. Nf3 d6 5. e3 O-O 6. Be2 Nbd7 7. O-O e5 8. dxe5
Nxe5 9. b3 Ne4 10. Nxe4 Nxf3+ 11. Bxf3 Bxa1 12. Ng3 Bg7 13. h3 Rb8 14. Be2 a6
15. Qc2 b5 16. Rd1 Qe7 17. Re1 Be6 18. cxb5 axb5 19. Qc6 Qd7 20. Qf3 Ra8 21.
Bd3 Rxa2 22. Qb7 c6 23. Qxd7 Bxd7 24. Rf1 Be6 25. Ne4 Bxb3 26. Nd2 Be6 27. e4
Raa8 28. Nf3 h6 29. Rd1 Bb3 30. Re1 d5 31. exd5 Bxd5 32. Bd2 Rfe8 33. Rc1 Kh7
34. Bb4 Ra1 35. Rf1 Rxf1+ 36. Kxf1 Bxf3 37. gxf3 Bd4 38. Be1 Rb8 39. Ke2 c5 40.
Kd2 c4 41. Bb1 Kg7 42. Kc2 Kf6 43. Kc1 Ke5 44. Bd2 g5 45. Be1 f5 46. Kc2 Kf4
47. Bd2+ Kxf3 48. Kd1 f4 49. Be1 Bxf2 50. Bxf2 Kxf2 51. Ba2 Rd8+ 52. Kc2 Ke1
53. Kc3 f3 54. Bxc4 bxc4 55. Kxc4 f2 56. Kc5 f1=Q 57. h4 Qf2+ 58. Kc6 Qc2+ 0-1

[Event "Ä15Ï"]
[Site "Loo"]
[Date "2017.04.22"]
[Round "3.20"]
[White "Êàñàòêèíà, Ìàðèÿ."]
[Black "Êàìàåâà, Äæàìèëÿ."]
[Result "1-0"]
[WhiteElo "1258"]
[BlackElo "1563"]
[PlyCount "53"]
[EventDate "2017.04.20"]

1. e4 e5 2. Nf3 Nc6 3. Bc4 Nf6 4. d3 Bc5 5. c3 Bb6 6. O-O O-O 7. Bg5 d6 8. a4
Be6 9. Bxe6 fxe6 10. Na3 h6 11. Bh4 d5 12. Re1 Qe8 13. b4 dxe4 14. dxe4 a6 15.
a5 Ba7 16. Nc4 Qg6 17. Ncxe5 Qh5 18. Nxc6 bxc6 19. Bg3 Rf7 20. Ne5 Bxf2+ 21.
Kxf2 Nxe4+ 22. Kg1 Nxg3 23. hxg3 Qf5 24. Nxf7 Rf8 25. Rf1 Qe4 26. Nd8 Qe3+ 27.
Kh2 1-0

[Event "Ä15Ï"]
[Site "Loo"]
[Date "2017.04.22"]
[Round "3.22"]
[White "Èâàíîâà, Àíàñòàñèÿ Ñ."]
[Black "Õàðèòîíîâà, Èðèíà."]
[Result "1-0"]
[WhiteElo "1538"]
[BlackElo "1476"]
[PlyCount "63"]
[EventDate "2017.04.20"]

1. d4 d5 2. c4 e6 3. Nc3 Nf6 4. Bf4 Be7 5. h3 O-O 6. e3 Nbd7 7. Nf3 a6 8. Bd3
dxc4 9. Bxc4 b5 10. Bd3 c5 11. O-O Bb7 12. dxc5 Bxc5 13. Qc2 Rc8 14. a3 h6 15.
Qd2 Qe7 16. b4 Ba7 17. Bd6 Qd8 18. Bxf8 Qxf8 19. Rac1 Nb6 20. Ne5 Kh8 21. Bg6
Rc7 22. Bxf7 Rxf7 23. Ng6+ Kg8 24. Nxf8 Rxf8 25. Qd6 Re8 26. Qc7 Rb8 27. Rfd1
Nbd5 28. Nxd5 Nxd5 29. Qd7 Nf6 30. Qxe6+ Kh7 31. Rc7 Bb6 32. Qxb6 1-0

[Event "Ä15Ï"]
[Site "Loo"]
[Date "2017.04.22"]
[Round "3.23"]
[White "Ëèíöîâà, Ëèëèÿ."]
[Black "Èâàíàåâà, Àëèíà."]
[Result "0-1"]
[WhiteElo "1524"]
[BlackElo "1379"]
[PlyCount "107"]
[EventDate "2017.04.20"]

1. d4 d5 2. Bf4 Nf6 3. e3 e6 4. Nf3 c5 5. c3 Qb6 6. Qc2 Nc6 7. h3 Bd7 8. Nbd2
Rc8 9. Qb3 c4 10. Qxb6 axb6 11. Be2 b5 12. Ne5 b4 13. O-O Be7 14. Bf3 O-O 15.
e4 dxe4 16. Nxe4 Nxe5 17. Nxf6+ gxf6 18. dxe5 b5 19. exf6 Bxf6 20. Bd6 bxc3 21.
bxc3 Bxc3 22. Rab1 Rfe8 23. Bb7 Rb8 24. Bxb8 Rxb8 25. Bf3 e5 26. Be4 Bd4 27. g4
c3 28. Bd5 Kf8 29. Rfc1 Ke7 30. Bc4 Rb6 31. Bb3 f5 32. Bd1 fxg4 33. hxg4 Kd6
34. Kf1 Be6 35. Be2 b4 36. Rc2 Kc5 37. f3 Rb8 38. Bd3 h6 39. Rbb2 Bc4 40. Ke2
cxb2 41. Rxc4+ Kd6 42. f4 Kd5 43. Rc7 Rd8 44. f5 e4 45. Bc2 Bb6 46. Rh7 Rd6 47.
Re7 e3 48. Be4+ Kd4 49. Bb1 Kc3 50. Re6 Rd2+ 51. Ke1 Bc5 52. Rc6 Kd4 53. Rxh6
Rg2 54. Rh1 0-1

[Event "Ä15Ï"]
[Site "Loo"]
[Date "2017.04.22"]
[Round "3.24"]
[White "Ìîñêàëåâà, Àðèíà."]
[Black "Ìàòþíèíà, Ñîôüÿ."]
[Result "1-0"]
[WhiteElo "1504"]
[BlackElo "1348"]
[PlyCount "41"]
[EventDate "2017.04.20"]

1. e4 e5 2. Nf3 Nc6 3. Bc4 Nf6 4. Ng5 d5 5. exd5 Na5 6. Bb5+ c6 7. dxc6 bxc6 8.
Qf3 Bb7 9. Bd3 h6 10. Ne4 Nd5 11. Nbc3 Nf4 12. Ng3 Nxd3+ 13. cxd3 Bc5 14. Nce4
Bd4 15. Nf5 O-O 16. Qg4 g6 17. Nxh6+ Kh7 18. Qh3 Bc8 19. Ng4+ Kg7 20. Qh6+ Kg8
21. Ngf6+ 1-0

[Event "Ä15Ï"]
[Site "Loo"]
[Date "2017.04.22"]
[Round "3.26"]
[White "Áàäðàêîâà, Êñåíèÿ."]
[Black "Ïàêååâà, Íàìëàíà."]
[Result "1/2-1/2"]
[WhiteElo "1422"]
[BlackElo "1630"]
[PlyCount "81"]
[EventDate "2017.04.20"]

1. e4 c5 2. Nc3 Nc6 3. g3 g6 4. Bg2 Bg7 5. f4 d6 6. d3 Nf6 7. Nf3 O-O 8. O-O
Rb8 9. Be3 b5 10. h3 b4 11. Ne2 a5 12. Rb1 Be6 13. a3 b3 14. c4 a4 15. g4 Bc8
16. f5 Nd7 17. g5 Nde5 18. Nxe5 Nxe5 19. Nc3 Ra8 20. Nd5 e6 21. f6 exd5 22.
fxg7 Kxg7 23. exd5 Bf5 24. Be4 Bxe4 25. dxe4 Nxc4 26. Bf4 Rc8 27. Qd3 Ne5 28.
Bxe5+ dxe5 29. Rf6 h6 30. h4 hxg5 31. hxg5 Qd7 32. Qg3 Rce8 33. Rc1 Rh8 34. Kg2
Qb5 35. Qf3 Re7 36. Rf1 Qb7 37. Qc3 Rh4 38. Qf3 c4 39. Rh1 Rxh1 40. Kxh1 Re8
41. Rc6 1/2-1/2

[Event "Ä15Ï"]
[Site "Loo"]
[Date "2017.04.22"]
[Round "3.27"]
[White "Øåëåæîíêîâà, Êñåíèÿ."]
[Black "Õîìÿê, Àëåêñàíäðà."]
[Result "1-0"]
[WhiteElo "1374"]
[BlackElo "1599"]
[PlyCount "127"]
[EventDate "2017.04.20"]

1. e4 c5 2. Nf3 d6 3. d4 cxd4 4. Nxd4 Nf6 5. Nc3 Nc6 6. f3 e5 7. Nb3 a5 8. Bb5
Be7 9. Be3 O-O 10. Qd2 Be6 11. Rd1 Qc7 12. O-O Rfd8 13. Qf2 Nd7 14. a3 Rdb8 15.
Nd5 Bxd5 16. exd5 Nd8 17. Rd3 Nc5 18. Nxc5 dxc5 19. Rfd1 Qd6 20. c4 a4 21. Qg3
Ra7 22. Qg4 b6 23. Qe4 Bf6 24. Bf2 Rc8 25. Bg3 Rca8 26. Re1 Re7 27. h4 Ra5 28.
Bh2 g6 29. g4 Bg7 30. g5 f6 31. f4 Nf7 32. Rde3 f5 33. fxe5 Bxe5 34. Bxe5 Rxe5
35. Qf4 Rxe3 36. Qxe3 Ra8 37. Kg2 Kf8 38. Re2 Kg8 39. Kf3 Kf8 40. Bc6 Ra7 41.
Qe8+ Kg7 42. Qe3 Kf8 43. Qe8+ Kg7 44. Qe6 Kf8 45. Qc8+ Kg7 46. Re8 Ne5+ 47.
Rxe5 Qxe5 48. d6 Qxd6 49. Bd5 Qf8 50. Qe6 Re7 51. Qxb6 Re1 52. Kf2 Qe7 53. Qf6+
Qxf6 54. gxf6+ Kxf6 55. Kxe1 f4 56. Kf2 Kf5 57. Kf3 h6 58. Be4+ Kf6 59. Bc2 g5
60. Bxa4 Ke5 61. hxg5 hxg5 62. b4 Kd6 63. bxc5+ Kxc5 64. Bb5 1-0

[Event "Ä15Ï"]
[Site "Loo"]
[Date "2017.04.22"]
[Round "3.28"]
[White "Ìàðêîâà, Àííà."]
[Black "Äæàêèÿåâà, Ìàäèíà."]
[Result "1-0"]
[WhiteElo "1553"]
[BlackElo "1408"]
[PlyCount "95"]
[EventDate "2017.04.20"]

1. c4 e5 2. Nc3 Nf6 3. g3 Bc5 4. Bg2 d6 5. e3 Nc6 6. Nge2 Bb4 7. a3 Bxc3 8.
Nxc3 Be6 9. d3 O-O 10. O-O Rb8 11. b3 d5 12. Bb2 Bg4 13. Qc2 Bf5 14. Nxd5 Re8
15. e4 Be6 16. Nxf6+ Qxf6 17. f4 Qe7 18. fxe5 Qg5 19. d4 Qe3+ 20. Qf2 Qxb3 21.
d5 Qxc4 22. dxe6 Qxe6 23. Rab1 a6 24. Qf5 Qxf5 25. exf5 Nxe5 26. Bxe5 Rxe5 27.
Rxb7 Rxb7 28. Bxb7 Ra5 29. Rf3 h6 30. Rc3 c5 31. Bc6 c4 32. Be4 Kf8 33. g4 Ke7
34. Rxc4 Rxa3 35. Rc7+ Kf6 36. Kg2 Ke5 37. Bb7 Kf4 38. Rc4+ Kg5 39. Bd5 f6 40.
h3 Ra2+ 41. Kg3 h5 42. gxh5 Ra3+ 43. Bf3 Kxf5 44. Rg4 a5 45. Rxg7 a4 46. h6 Ra1
47. Bg4+ Ke4 48. h7 1-0

[Event "Ä15Ï"]
[Site "Loo"]
[Date "2017.04.22"]
[Round "3.29"]
[White "Áû÷åíêîâà, Àíãåëèíà."]
[Black "Êðàñíþê, Âåðîíèêà."]
[Result "1/2-1/2"]
[WhiteElo "1500"]
[BlackElo "1337"]
[PlyCount "47"]
[EventDate "2017.04.20"]

1. d4 d5 2. Nf3 Nc6 3. Bf4 g6 4. e3 a6 5. c4 e6 6. Nc3 Bg7 7. Be2 Nge7 8. O-O
O-O 9. h3 Re8 10. Rc1 Nf5 11. Bh2 Rb8 12. b3 b6 13. cxd5 exd5 14. Na4 Nfe7 15.
Re1 Bb7 16. Nc3 Rc8 17. Bf4 Qd7 18. Nd2 Nd8 19. Nf3 Ndc6 20. Nd2 Nd8 21. Nf3
Ndc6 22. Nd2 Nd8 23. Nf3 Ndc6 24. Nd2 1/2-1/2

[Event "Ä15Ï"]
[Site "Loo"]
[Date "2017.04.22"]
[Round "3.30"]
[White "Ñàìîøêèíà, Âèêòîðèÿ."]
[Black "Ìåðåìüÿíèíà, Êñåíèÿ."]
[Result "1-0"]
[WhiteElo "1482"]
[BlackElo "1322"]
[PlyCount "161"]
[EventDate "2017.04.20"]

1. e4 e6 2. d4 d5 3. exd5 exd5 4. c4 c6 5. Nf3 Bd6 6. Nc3 Ne7 7. Bg5 f6 8. Bh4
Bf5 9. Be2 O-O 10. O-O Re8 11. Bg3 Qd7 12. Nh4 Kh8 13. c5 Bxg3 14. hxg3 Qc7 15.
Bh5 g6 16. Be2 Nd7 17. Kh2 b6 18. b4 Rab8 19. Rh1 a5 20. a3 axb4 21. axb4 bxc5
22. bxc5 Rb2 23. Kg1 Reb8 24. Qc1 R8b3 25. Bd1 Rb8 26. g4 Be6 27. Na4 R8b4 28.
Qe3 Nf8 29. Nb6 g5 30. Nf3 Bxg4 31. Qc3 Rxb6 32. cxb6 Rxb6 33. Ra8 Rb8 34. Rxb8
Qxb8 35. Bc2 Qf4 36. Bd1 Bxf3 37. Bxf3 Qd6 38. Be2 Nf5 39. Bd3 Ng7 40. Rh6 Ne8
41. Qc2 Qd7 42. Bf5 Qc7 43. Qc5 Qg7 44. Rh1 Nc7 45. Qxc6 Qe7 46. Qc1 Qf7 47.
Qd1 Ne8 48. Qb1 h5 49. Bg4 h4 50. g3 Qg7 51. gxh4 Kg8 52. h5 Qe7 53. Rh3 Qc7
54. Re3 Nd6 55. Be6+ Kg7 56. Bxd5 Qd7 57. Bf3 Nc4 58. Re2 Qh3 59. Qb7+ Kg8 60.
Bd5+ Kh8 61. Bxc4 Qg4+ 62. Qg2 Qxd4 63. Qd5 Qxd5 64. Bxd5 Kg7 65. Re7+ Kh6 66.
Rf7 Nh7 67. Be4 Kxh5 68. Rxh7+ Kg4 69. f3+ Kf4 70. Rf7 Kg3 71. Rxf6 Kh4 72. Kf2
Kh5 73. Bf5 g4 74. fxg4+ Kg5 75. Ra6 Kh4 76. Kf3 Kg5 77. Bd7 Kh4 78. Re6 Kg5
79. Bc6 Kh4 80. Kf4 Kh3 81. Rh6# 1-0

[Event "Ä15Ï"]
[Site "Loo"]
[Date "2017.04.22"]
[Round "3.31"]
[White "Àáðàìîâà, Ìàðèÿ."]
[Black "Êðûëîâà, Ìàðèÿ."]
[Result "1-0"]
[WhiteElo "1479"]
[BlackElo "1308"]
[PlyCount "81"]
[EventDate "2017.04.20"]

1. d4 d5 2. c4 c6 3. Nf3 Bf5 4. g3 Nf6 5. Bg2 h6 6. O-O e6 7. Nbd2 Bd6 8. Re1
Nbd7 9. Nh4 Bh7 10. e4 dxe4 11. Nxe4 Nxe4 12. Bxe4 Bxe4 13. Rxe4 Nf6 14. Re1
O-O 15. Nf3 Qc7 16. b3 Rad8 17. Bb2 Bb4 18. Re2 b5 19. Qc2 Qb7 20. Rc1 c5 21.
Ne5 cxd4 22. a3 Ba5 23. b4 Bc7 24. cxb5 Bb8 25. Qd3 Nd7 26. Nc6 Rde8 27. Bxd4
e5 28. Bc5 Nxc5 29. bxc5 Re6 30. Nxb8 Rxb8 31. c6 Qc7 32. Qd7 Rc8 33. Qxc7 Rxc7
34. Rd2 Ree7 35. a4 Re8 36. Rd7 Rec8 37. Rxc7 Rxc7 38. a5 Kf8 39. b6 axb6 40.
axb6 Rc8 41. b7 1-0

[Event "Ä15Ï"]
[Site "Loo"]
[Date "2017.04.22"]
[Round "3.32"]
[White "Ñàðãóçèíà, Ìàðòà."]
[Black "Ãàëèìîâà, Çàðèÿ."]
[Result "1/2-1/2"]
[WhiteElo "1462"]
[BlackElo "1305"]
[PlyCount "80"]
[EventDate "2017.04.20"]

1. b4 d5 2. Bb2 f5 3. e3 e6 4. Nf3 Nf6 5. a3 Bd6 6. d4 Nbd7 7. c4 c6 8. Nbd2
O-O 9. Bd3 Ne4 10. O-O Ndf6 11. Ne5 Nxd2 12. Qxd2 Ne4 13. Qe2 Qh4 14. f4 Rf6
15. Nf3 Qh6 16. c5 Bc7 17. a4 Bd7 18. b5 Be8 19. Qc2 Bh5 20. Ne5 Bxe5 21. fxe5
Qxe3+ 22. Kh1 Rff8 23. Rae1 Qg5 24. a5 Qh4 25. Kg1 Qg5 26. a6 bxa6 27. bxc6
Rac8 28. Bxa6 Rxc6 29. Qa4 Rc7 30. Ba3 Rb8 31. Bb4 Nd2 32. Rf2 Nf3+ 33. Kf1
Nxe1 34. Bxe1 Be8 35. Qa5 Qd8 36. Qa2 Bb5+ 37. Bxb5 Rxb5 38. Ba5 Rxa5 39. Qxa5
Qb8 40. Re2 Qb1+ 1/2-1/2

[Event "Ä15Ï"]
[Site "Loo"]
[Date "2017.04.22"]
[Round "3.34"]
[White "Óëàíîâñêàÿ, Âàëåðèÿ."]
[Black "Òåðåùåíêî, Äàðüÿ."]
[Result "0-1"]
[WhiteElo "1250"]
[BlackElo "1437"]
[PlyCount "46"]
[EventDate "2017.04.20"]

1. c4 f5 2. Nc3 Nf6 3. g3 g6 4. Bg2 Bg7 5. e3 d6 6. d4 c6 7. Nge2 O-O 8. O-O e5
9. c5 Na6 10. cxd6 Qxd6 11. dxe5 Qxe5 12. Rb1 Be6 13. b4 Bc4 14. f4 Qc7 15. Re1
Bxe2 16. Qxe2 Kh8 17. Ba3 Rfe8 18. b5 Ng4 19. bxa6 Rxe3 20. axb7 Rae8 21. Qd2
Rxe1+ 22. Rxe1 Qb6+ 23. Kf1 Nxh2# 0-1

[Event "Ä15Ï"]
[Site "Loo"]
[Date "2017.04.22"]
[Round "3.37"]
[White "Øàïîâàëîâà, Âèêòîðèÿ."]
[Black "Áåëîâà, Êñåíèÿ."]
[Result "1-0"]
[WhiteElo "1400"]
[BlackElo "1352"]
[PlyCount "93"]
[EventDate "2017.04.20"]

1. d4 Nf6 2. Nc3 c5 3. Bf4 cxd4 4. Qxd4 Nc6 5. Qd2 e5 6. Bg5 Be7 7. e4 a6 8.
Nf3 O-O 9. O-O-O b5 10. a3 b4 11. axb4 Bxb4 12. Bxf6 Qxf6 13. Kb1 a5 14. Nd5
Qd8 15. Nxb4 axb4 16. Qd5 Ra5 17. Qb3 Qb6 18. Rd5 Qa7 19. Rxa5 Qxa5 20. Qd5
Qxd5 21. exd5 Ne7 22. Nxe5 Nxd5 23. Bc4 Nb6 24. Bb3 Bb7 25. f3 Bc6 26. Nd3 Ba4
27. Bxa4 Nxa4 28. Nxb4 Rb8 29. Nd3 Nc3+ 30. Kc1 Ne2+ 31. Kd2 Nd4 32. Re1 Kf8
33. Nc5 Rd8 34. Re4 Nc6 35. Re3 Nb4 36. Rb3 Nc6 37. Rd3 d5 38. c3 Ne5 39. Rd4
Nc4+ 40. Kc1 Ne3 41. g4 Nf1 42. h4 Nh2 43. Rf4 Ke7 44. Nd3 Nf1 45. Ne5 g6 46.
Nc6+ Kd7 47. Nxd8 1-0

[Event "Ä15Ï"]
[Site "Loo"]
[Date "2017.04.22"]
[Round "3.38"]
[White "Øàäðóõèíà, Ñâåòëàíà."]
[Black "Àñàòðÿí, Ìàðèÿ."]
[Result "0-1"]
[WhiteElo "1368"]
[BlackElo "1349"]
[PlyCount "128"]
[EventDate "2017.04.20"]

1. c4 c5 2. Nc3 d6 3. g3 Nf6 4. Bg2 g6 5. e3 Bg7 6. Nge2 O-O 7. O-O Qc7 8. b3
a6 9. d4 cxd4 10. exd4 Bf5 11. Be3 Qc8 12. Qd2 Re8 13. Rfe1 Nc6 14. Bh6 Bh8 15.
Nf4 Nxd4 16. Rac1 Nc6 17. Ncd5 Qd8 18. h3 Rb8 19. Re3 Nxd5 20. Nxd5 Ne5 21.
Rce1 Be6 22. Nf4 Bd7 23. R3e2 Bc6 24. Nh5 Nf3+ 25. Bxf3 Bxf3 26. Re3 Bxh5 27.
g4 Bxg4 28. hxg4 Qd7 29. f3 b5 30. cxb5 axb5 31. Kg2 d5 32. Rh1 e5 33. Qe1 d4
34. Re4 Rb7 35. Bd2 Qc6 36. g5 f5 37. Reh4 Qc2 38. Rxd4 e4 39. Rxe4 fxe4 40.
Kg3 Be5+ 41. f4 Qd3+ 42. Kh4 e3 43. Qxe3 Qxe3 44. Bxe3 Bd6 45. Bc1 Rc7 46. Rd1
Bb4 47. a3 Be1+ 48. Kg4 Rce7 49. b4 Bc3 50. Kf3 Re1 51. Rd5 Rxc1 52. Rxb5 Bd4
53. f5 gxf5 54. Kg2 f4 55. Rf5 Rf8 56. Rd5 f3+ 57. Kg3 f2 58. Rxd4 f1=Q 59. g6
Qg1+ 60. Kh3 Rc3+ 61. Rd3 Rxd3+ 62. Kh4 Qg3+ 63. Kh5 Rf5+ 64. Kh6 Qxg6# 0-1

[Event "Ä15Ï"]
[Site "Loo"]
[Date "2017.04.22"]
[Round "3.39"]
[White "Ìàëüöåâñêàÿ, Àííà."]
[Black "Èâàíîâà, Àíàñòàñèÿ."]
[Result "0-1"]
[WhiteElo "1358"]
[BlackElo "1257"]
[PlyCount "68"]
[EventDate "2017.04.20"]

1. e4 c5 2. Nf3 d6 3. d4 cxd4 4. Nxd4 Nf6 5. Nc3 g6 6. Bc4 Bg7 7. f3 Nc6 8. Be3
Bd7 9. Qd2 O-O 10. g4 Rc8 11. h4 Nxd4 12. Qxd4 Nxg4 13. Bxf7+ Rxf7 14. Qxa7
Nxe3 15. Qxe3 Qa5 16. Kd2 Qh5 17. f4 Rcf8 18. Raf1 Bh6 19. Ne2 Bg4 20. Ng3 Qa5+
21. Kd3 Bxf4 22. Qf2 Bxg3 23. Qg2 Rf3+ 24. Rxf3 Rxf3+ 25. Qxf3 Bxf3 26. Rf1 Qh5
27. Rg1 Be2+ 28. Kd2 Bf4+ 29. Kc3 Qc5+ 30. Kb3 Qxg1 31. a3 Qb6+ 32. Ka2 Bc1 33.
b3 Qd4 34. h5 Qb2# 0-1

[Event "Ä17Ï"]
[Site "Loo"]
[Date "2017.04.22"]
[Round "3.1"]
[White "Òàòàðèíîâà, Åëåíà."]
[Black "Êðàïèâèíà, Ãàëèíà."]
[Result "1-0"]
[WhiteElo "1840"]
[BlackElo "1744"]
[PlyCount "73"]
[EventDate "2017.04.20"]

1. c4 f5 2. Nf3 Nf6 3. g3 d6 4. Bg2 g6 5. O-O Bg7 6. Nc3 O-O 7. Rb1 a5 8. a3 e5
9. d3 c6 10. b4 axb4 11. axb4 Qe8 12. Bd2 Nh5 13. Qb3 h6 14. b5 g5 15. bxc6
bxc6 16. Ra1 Na6 17. Rfb1 Nc5 18. Qc2 Rxa1 19. Rxa1 f4 20. Ne4 Nxe4 21. dxe4
fxg3 22. hxg3 Qf7 23. Be3 Nf6 24. Rd1 Qc7 25. Qd3 Nxe4 26. Ne1 Nf6 27. Qxd6 Qf7
28. Bxc6 Qh5 29. Bc5 Qxe2 30. Qd3 Qxd3 31. Rxd3 Rf7 32. Rd8+ Kh7 33. Rxc8 h5
34. Nf3 Kh6 35. Be3 Nh7 36. Bd5 Re7 37. Be4 1-0